000 004340000a22001690004500
003 MACL
005 20160122155415.0
008 160122b xxu||||| |||| 00| 0 eng d
040 _aMACL
_cMACL
041 _aEnglish
082 _a400/PUR
100 _aPuri, G K
_930212
245 _aIIms Confused and Misused Words For all
260 _bIIms Publications
_c1999
_aNew Delhi
650 _aLanguage
_934142
942 _cBK
_k400/Pur
_2ddc
999 _c32299
_d32299